[Event "Vienna op-B 14th"]
[Site "Vienna"]
[Date "2003.08.17"]
[Round "2"]
[White "Vokroj, Gabriela"]
[Black "Pleninger, Otto"]
[Result "0-1"]
[WhiteElo "1815"]
[BlackElo "1713"]
[PlyCount "60"]
[EventDate "2003.08.16"]
[EventType "swiss"]
[EventRounds "9"]
[EventCountry "AUT"]
[SourceTitle "CBM 095 Extra"]
[Source "ChessBase"]
[SourceDate "2003.09.04"]
[SourceVersion "1"]
[SourceVersionDate "2003.09.04"]
[SourceQuality "1"]

1. Nf3 Nf6 2. d3 g6 3. e4 d6 4. g3 Bg7 5. Bg2 0-0 6. 0-0 Nbd7 7. Nc3 c6 8. Nh4 e5 9. f4 exf4 10. Bxf4 Ne8 11. Be3 Ne5 12. h3 Nf6 13. Kh2 Nfg4+ 14. hxg4 Nxg4+ 15. Kh1 Nxe3 16. Qd2 Nxf1 17. Rxf1 Be6 18. d4 Qd7 19. Kh2 f5 20. exf5 Bxf5 21. Nxf5 Rxf5 22. Bf3 Qe7 23. Ne2 Raf8 24. Kg2 d5 25. Nf4 Bh6 26. Nxg6 Qg7 27. Ne7+ Qxe7 28. Qxh6 Rxf3 29. Rxf3 Qe2+ 30. Kh3 Qxf3 0-1